La ragazza porcospino (Record no. 212252)

MARC details
000 -LEADER
fixed length control field 01490nam a2200205Ia 4500
001 - CONTROL NUMBER
control field b4951-32487
003 - CONTROL NUMBER IDENTIFIER
control field IT-MiCISF
008 - FIXED-LENGTH DATA ELEMENTS--GENERAL INFORMATION
fixed length control field 161014s9999||||xx |||||||||||||| ||und||
040 ## - CATALOGING SOURCE
Original cataloging agency IT-MiCISF
Transcribing agency IT-MiCISF
041 ## - LANGUAGE CODE
Language code of text/sound track or separate title it
999 ## - SYSTEM CONTROL NUMBERS (KOHA)
Koha Dewey Subclass [OBSOLETE] si
100 ## - MAIN ENTRY--PERSONAL NAME
Personal name Rohde Katja
245 #0 - TITLE STATEMENT
Title La ragazza porcospino
Remainder of title Autobiografia di un'autistica
250 ## - EDITION STATEMENT
Edition statement 1a ed.
260 ## - PUBLICATION, DISTRIBUTION, ETC. (IMPRINT)
Place of publication, distribution, etc. Milano
Name of publisher, distributor, etc. Corbaccio
Date of publication, distribution, etc. 2001 [Edizione originale: 1999]
300 ## - PHYSICAL DESCRIPTION
Extent pp. 236
500 ## - GENERAL NOTE
General note / handicap, famiglia-con-handicap, esperienze, riabilitazione / L'A. in questo libro racconta in prima persona la sua esperienza di ragazza autistica e della sua "vittoria" nei confronti dell'handicap. Prigioniera di un corpo ribelle, incapace di vestirsi, parlare, scrivere, soggetta a terribili crisi aggressive, per 23 anni è stata considerata una ritardata mentale, fino a quando un'educatrice sperimenta con lei un nuovo metodo: "la comunicazione facilitata", che consiste nel sostenere le braccia di individui che altrimenti non riuscirebbero ad esprimersi. Grazie a questo sistema, le persone malate possono indicare le lettere dell'alfabeto su un pannello e quindi comunicare. Si scopre così che Katia è superdotata: ha imparato da sola a leggere e scrivere in numerose lingue, e ha una memoria fotografica prodigiosa. Oltre a frequentare il liceo, con l'aiuto della madre scrive la propria autobiografia e la traduce in francese.
650 ## - SUBJECT ADDED ENTRY--TOPICAL TERM
Topical term or geographic name as entry element Dinamiche familiari / handicap
Relator term 001
942 ## - ADDED ENTRY ELEMENTS (KOHA)
Koha item type LIBRO
957 ## -
-- 1
999 ## - SYSTEM CONTROL NUMBERS (KOHA)
-- 1
Holdings
Withdrawn status Lost status Damaged status Not for loan Home library Current library Date acquired Total Checkouts Full call number Date last seen Price effective from Koha item type Public note
    Buone Condizioni Not For Loan CISF - Milano CISF - Milano 14/10/2016   b4951-32487 14/10/2016 14/10/2016 LIBRO Data import 15.10.2016 / by Epidotti, Vaglietti
CREDITS: SOCIETA' SAN PAOLO Via A.Severo, 58 - ROMA (RM) & PERIODICI SAN PAOLO SRL Via Giotto, 36 MILANO & CISF Via Giotto, 36 MILANO & EDIZIONI SAN PAOLO SRL,  Piazza Soncino, 5 CINISELLO BALSAMO (MI) -- ITALY